[Event "Wch Rapid"]
[Site "Almaty"]
[Date "2022.12.26"]
[Round "1"]
[White "Nogerbek, Kazybek"]
[Black "Naiditsch, Arkadij"]
[Result "1/2-1/2"]
[WhiteElo "2409"]
[BlackElo "2596"]
[PlyCount "103"]
[EventDate "2022.12.26"]
[EventType "swiss (rapid)"]
[EventRounds "13"]
[EventCountry "KAZ"]
[SourceTitle "CBM 212"]
[Source "ChessBase"]
[SourceDate "2023.02.28"]
[SourceVersion "1"]
[SourceVersionDate "2023.02.28"]
[SourceQuality "1"]

1. c4 e5 2. Nc3 d6 3. d4 exd4 4. Qxd4 Nc6 5. Qd2 Nf6 6. b3 g6 7. Bb2 Bg7 8. g3 Ne5 9. Bg2 h5 10. Nf3 Nxf3+ 11. Bxf3 0-0 12. 0-0 a6 13. Nd5 c6 14. Nxf6+ Bxf6 15. Rfd1 Bxb2 16. Qxb2 Qe7 17. Rd4 Be6 18. Rad1 Rfd8 19. Qd2 a5 20. Rxd6 Rxd6 21. Qxd6 Qxd6 22. Rxd6 a4 23. Kg2 Kf8 24. Rd3 Ke7 25. h4 axb3 26. axb3 Ra2 27. e4 Kf6 28. Kg1 Rb2 29. Bg2 Ke7 30. Bf3 Rb1+ 31. Kg2 Kf6 32. Bd1 Ke5 33. Rd2 b5 34. f4+ Kf6 35. cxb5 cxb5 36. Kf2 Bxb3 37. Bxb3 Rxb3 38. Rd6+ Ke7 39. Rb6 b4 40. f5 gxf5 41. exf5 Rb1 42. Kg2 b3 43. Kh2 b2 44. Kg2 Kd7 45. g4 hxg4 46. h5 Ra1 47. Rxb2 Ke7 48. Rb6 Ra3 49. h6 Rh3 50. Ra6 Kd7 51. Ra7+ Ke8 52. Ra6 1/2-1/2

[Event "ESP-chT CECLUB Div1"]
[Site "Sanxenxo"]
[Date "2022.09.17"]
[Round "1.1"]
[White "Naiditsch, Arkadij"]
[Black "Andersen, Mads"]
[Result "1/2-1/2"]
[WhiteElo "2666"]
[BlackElo "2597"]
[PlyCount "104"]
[EventDate "2022.09.17"]
[EventType "team-tourn"]
[EventRounds "7"]
[EventCountry "ESP"]
[SourceTitle "CBM 210 Extra"]
[Source "ChessBase"]
[SourceDate "2022.11.30"]
[SourceVersion "1"]
[SourceVersionDate "2022.11.30"]
[SourceQuality "1"]
[WhiteTeam "Taldea Gros Xake"]
[BlackTeam "Ourense Deportivo"]
[WhiteTeamCountry "ESP"]
[BlackTeamCountry "ESP"]

1. e4 e5 2. Nf3 Nc6 3. Bb5 a6 4. Ba4 Nf6 5. 0-0 Be7 6. d3 b5 7. Bb3 d6 8. a3 0-0 9. Nc3 Na5 10. Ba2 Be6 11. d4 Bxa2 12. Rxa2 Re8 13. Re1 h6 14. dxe5 dxe5 15. Nxe5 Qxd1 16. Rxd1 Bd6 17. f4 Bxe5 18. fxe5 Rxe5 19. Bf4 Rc5 20. h3 Nc4 21. b4 Rc6 22. e5 Nh7 23. a4 bxa4 24. Nxa4 Nf8 25. Nc5 Ne6 26. Nxe6 Rxe6 27. b5 a5 28. Rd4 Nxe5 29. Rda4 Rd8 30. Rxa5 Rd1+ 31. Kh2 g5 32. Ra8+ Kg7 33. Bxe5+ Rxe5 34. c4 Rc1 35. Rc8 Rc5 36. Raa8 R1xc4 37. Rg8+ Kf6 38. Ra6+ Ke7 39. b6 cxb6 40. Rxb6 Rc6 41. Rb7+ Rc7 42. Rxc7+ Rxc7 43. h4 Kf6 44. hxg5+ hxg5 45. g4 Rc5 46. Kg3 Ke6 47. Re8+ Kd5 48. Re1 Rc3+ 49. Kg2 f6 50. Rf1 Rc6 51. Rf5+ Ke4 52. Kg3 Rc3+ 1/2-1/2

[Event "Biel blitz 55th"]
[Site "Biel"]
[Date "2022.07.17"]
[Round "7"]
[White "Abdusattorov, Nodirbek"]
[Black "Naiditsch, Arkadij"]
[Result "1-0"]
[WhiteElo "2688"]
[BlackElo "2664"]
[PlyCount "43"]
[EventDate "2022.07.17"]
[EventType "tourn"]
[EventRounds "14"]
[EventCountry "SUI"]
[EventCategory "18"]
[SourceTitle "CBM 209 Extra"]
[Source "ChessBase"]
[SourceDate "2022.09.30"]
[SourceVersion "1"]
[SourceVersionDate "2022.09.30"]
[SourceQuality "1"]

1. e4 e5 2. Nf3 Nc6 3. Bc4 Bc5 4. Nc3 Nf6 5. d3 a6 6. a4 d6 7. 0-0 Be6 8. Nd5 Bxd5 9. exd5 Ne7 10. d4 exd4 11. Bg5 Ng6 12. Re1+ Kf8 13. Bd3 h6 14. Bxg6 fxg6 15. Bxf6 Qxf6 16. Re6 Qf4 17. g3 Qg4 18. h3 Qh5 19. Qd3 Qf5 20. Re4 Qxd5 21. Nh4 Kf7 22. Qf3+ 1-0

[Event "Biel blitz 55th"]
[Site "Biel"]
[Date "2022.07.17"]
[Round "5"]
[White "Keymer, Vincent"]
[Black "Naiditsch, Arkadij"]
[Result "0-1"]
[WhiteElo "2686"]
[BlackElo "2664"]
[PlyCount "100"]
[EventDate "2022.07.17"]
[EventType "tourn"]
[EventRounds "14"]
[EventCountry "SUI"]
[EventCategory "18"]
[SourceTitle "CBM 209 Extra"]
[Source "ChessBase"]
[SourceDate "2022.09.30"]
[SourceVersion "1"]
[SourceVersionDate "2022.09.30"]
[SourceQuality "1"]

1. Nf3 Nf6 2. c4 g6 3. g3 Bg7 4. Bg2 0-0 5. d4 d6 6. Nc3 Nbd7 7. 0-0 e5 8. e4 a6 9. h3 Rb8 10. Be3 b5 11. dxe5 dxe5 12. cxb5 axb5 13. Qc2 Bb7 14. a3 Qe7 15. Rfd1 c6 16. a4 b4 17. Nb1 b3 18. Qc4 c5 19. Nfd2 Rfc8 20. Nc3 Ne8 21. Nxb3 Nd6 22. Qd3 Bf8 23. Na5 Ba8 24. Nd5 Qe6 25. b3 f5 26. exf5 gxf5 27. Qc2 f4 28. gxf4 e4 29. Nc3 Nf6 30. Qe2 Rc7 31. Kh2 Rg7 32. Rg1 Nf5 33. Bh1 Nh4 34. Rxg7+ Bxg7 35. Rg1 Kh8 36. Nc4 Rxb3 37. Nb5 Nf3+ 38. Bxf3 exf3 39. Qd1 Qxc4 40. Nc7 Rxe3 41. fxe3 Qa2+ 42. Kg3 Ne4+ 43. Kxf3 Nc3+ 44. Nxa8 Nxd1 45. Rxd1 h5 46. Nb6 Qe6 47. Nd5 Qxh3+ 48. Ke2 Qg2+ 49. Ke1 h4 50. Ne7 h3 0-1

[Event "Biel blitz 55th"]
[Site "Biel"]
[Date "2022.07.17"]
[Round "2"]
[White "Naiditsch, Arkadij"]
[Black "Esipenko, Andrey"]
[Result "0-1"]
[WhiteElo "2664"]
[BlackElo "2682"]
[PlyCount "131"]
[EventDate "2022.07.17"]
[EventType "tourn"]
[EventRounds "14"]
[EventCountry "SUI"]
[EventCategory "18"]
[SourceTitle "CBM 209 Extra"]
[Source "ChessBase"]
[SourceDate "2022.09.30"]
[SourceVersion "1"]
[SourceVersionDate "2022.09.30"]
[SourceQuality "1"]

1. e4 e5 2. Nf3 Nc6 3. Nc3 Nf6 4. Bb5 Bd6 5. d3 a6 6. Ba4 h6 7. Bb3 Bb4 8. 0-0 d6 9. Nd5 Bc5 10. Be3 0-0 11. h3 Be6 12. c3 Bxe3 13. fxe3 Bxd5 14. exd5 Ne7 15. e4 Ng6 16. Rf2 c6 17. dxc6 bxc6 18. Qc2 d5 19. Raf1 Qd6 20. g3 Rad8 21. Kg2 Kh8 22. Nh2 Nh7 23. h4 f6 24. d4 Ne7 25. dxe5 fxe5 26. Ng4 Rxf2+ 27. Rxf2 h5 28. Ne3 Nf6 29. Qe2 Neg8 30. Nf5 Qc7 31. Bc2 Ng4 32. Rf3 N8f6 33. exd5 cxd5 34. Ne3 e4 35. Rf5 Qd7 36. Rg5 Qe6 37. Bb3 Rd6 38. Nxg4 hxg4 39. Qe3 Kg8 40. Qd4 Kh7 41. Re5 Qf7 42. Bd1 Rd7 43. Rg5 Qe6 44. Be2 Rb7 45. b4 Rc7 46. a4 Qc6 47. c4 dxc4 48. b5 axb5 49. axb5 Qb7 50. Bxg4 e3+ 51. Bf3 e2 52. Re5 Qxb5 53. Rxe2 c3 54. Rc2 Qb3 55. Qd3+ Kh8 56. h5 Qb4 57. h6 Qe7 58. Re2 Qf8 59. hxg7+ Kxg7 60. Rc2 Qc5 61. Qd8 Qe5 62. Qd3 Rc5 63. Re2 Qc7 64. Qc2 Rg5 65. g4 Nxg4 66. Kf1 0-1

[Event "Biel blitz 55th"]
[Site "Biel"]
[Date "2022.07.17"]
[Round "12"]
[White "Naiditsch, Arkadij"]
[Black "Keymer, Vincent"]
[Result "0-1"]
[WhiteElo "2664"]
[BlackElo "2686"]
[PlyCount "76"]
[EventDate "2022.07.17"]
[EventType "tourn"]
[EventRounds "14"]
[EventCountry "SUI"]
[EventCategory "18"]
[SourceTitle "CBM 209 Extra"]
[Source "ChessBase"]
[SourceDate "2022.09.30"]
[SourceVersion "1"]
[SourceVersionDate "2022.09.30"]
[SourceQuality "1"]

1. e4 c5 2. Nf3 d6 3. d4 cxd4 4. Nxd4 Nf6 5. Nc3 a6 6. h3 e5 7. Nf3 Be7 8. Bc4 Be6 9. Bb3 Nbd7 10. 0-0 Nc5 11. Bxe6 fxe6 12. Qe2 0-0 13. b4 Ncd7 14. Qc4 d5 15. exd5 Nb6 16. Qb3 Nfxd5 17. Nxd5 Qxd5 18. Be3 Nc4 19. Rad1 Qc6 20. Bc5 Bxc5 21. bxc5 Qxc5 22. Qxb7 Ra7 23. Qe4 h6 24. Nh4 Nd6 25. Qd3 Nf5 26. Ng6 Rf6 27. Qb3 Rxg6 28. Rd8+ Kh7 29. Qb8 Rf6 30. Rh8+ Kg6 31. Qe8+ Raf7 32. Qg8 Rf8 33. Qh7+ Kf7 34. Rxf8+ Qxf8 35. Rb1 Qc8 36. g4 Nh4 37. Rb3 Qc6 38. Qh8 Qg2# 0-1

[Event "Biel rapid 55th"]
[Site "Biel"]
[Date "2022.07.12"]
[Round "7"]
[White "Keymer, Vincent"]
[Black "Naiditsch, Arkadij"]
[Result "1-0"]
[WhiteElo "2686"]
[BlackElo "2664"]
[PlyCount "119"]
[EventDate "2022.07.12"]
[EventType "tourn"]
[EventRounds "7"]
[EventCountry "SUI"]
[EventCategory "18"]
[SourceTitle "CBM 209 Extra"]
[Source "ChessBase"]
[SourceDate "2022.09.30"]
[SourceVersion "1"]
[SourceVersionDate "2022.09.30"]
[SourceQuality "1"]

1. d4 Nf6 2. c4 g6 3. g3 Bg7 4. Bg2 0-0 5. Nc3 d6 6. Nf3 c6 7. e4 a6 8. 0-0 b5 9. e5 Ne8 10. c5 Bg4 11. cxd6 exd6 12. Bf4 dxe5 13. dxe5 Nd7 14. e6 fxe6 15. h3 Bh5 16. Qe1 Bxf3 17. Qxe6+ Kh8 18. Bxf3 g5 19. Rad1 gxf4 20. Rxd7 Qf6 21. Qxc6 Qxc6 22. Bxc6 Rc8 23. Bb7 Rc7 24. Rfd1 fxg3 25. fxg3 b4 26. Na4 a5 27. Kg2 Rxd7 28. Rxd7 Nf6 29. Rd2 h5 30. Nc5 Re8 31. Bf3 h4 32. g4 Re5 33. Rd8+ Kh7 34. Nd3 Re7 35. Rd6 Rd7 36. Be4+ Kh6 37. Ra6 Rd4 38. Bf5 Rd5 39. Kf3 Kg5 40. Be4 Rb5 41. Bc6 Rb8 42. Rxa5+ Kg6 43. Be4+ Nxe4 44. Kxe4 Re8+ 45. Kf3 Bd4 46. Nf4+ Kg7 47. g5 Re1 48. Kg4 Bxb2 49. Kf5 Rf1 50. Rb5 Bc3 51. Rd5 Rf2 52. Kg4 Rxa2 53. Rd7+ Kg8 54. Rb7 Ra4 55. Kf5 Ra5+ 56. Kg6 Ra6+ 57. Kh5 Bd2 58. Nd5 Ra5 59. Kg6 Ra6+ 60. Nf6+ 1-0